000 01174nam a2200301 i 4500
001 zcodcb b6880200
003 PWmBRO
005 20260130033358.0
008 160503s2016 nyua a 000 1 eng d
020 _a9780399539992
020 _a0399539999
040 _aPABRO
_beng
_cPABRO
_erda
100 1 _aCarle, Eric,
_eauthor,
_eillustrator.
245 1 4 _aThe very hungry caterpillar's ABC /
_cEric Carle.
264 1 _aNew York :
_bGrosset & Dunlap,
_c2016.
300 _a1 volume (unpaged) :
_bcolor illustrations ;
_c18 cm.
336 _atext
_btxt
_2rdacontent.
337 _aunmediated
_bn
_2rdamedia.
338 _avolume
_bnc
_2rdacarrier.
520 _aA bright and beautiful alphabet book featuring Eric Carle's wonderful creatures. Explore the amazing animal alphabet with The Very Hungry Caterpillar in this delightful board book. Featuring Eric Carle's bright, distinctive artwork, each letter introduces beloved animals, big and small.
650 0 _aAnimals
_vJuvenile fiction.
650 0 _aAlphabet
_vJuvenile fiction.
650 0 _aBoard books.
650 1 _aAnimals
_vFiction.
650 1 _aAlphabet
_vFiction.
907 _a.b343780549
942 _cBK
999 _c31796
_d31794